EVERY WWE Pay Per View Main Event Part 1 - Statistics

General Stats
  • This quiz has been taken 168 times
  • The average score is 425 of 500
Answer Stats
Hint Answer % Correct
Backlash 2002 | Judgment Day 2002 | No Holds Barred | +19 others Hulk Hogan
100%
Armageddon 2000 | Backlash 1999 | Backlash 2000 | +24 others The Rock
97%
Armageddon 2000 | Armageddon 2004 | Backlash 2001 | +38 others Undertaker
96%
Summerslam 1994 "Undertaker"
96%
Armageddon 2003 | Backlash 2001 | Capital Carnage 1998 | +10 others Kane
95%
No Holds Barred | Summerslam 1988 | Summerslam 1989 | +4 others Randy Savage
95%
Armageddon 2002 | Backlash 2004 | Bad Blood 2004 | +25 others Shawn Michaels
95%
IYH: Canadian Stampede | IYH: Final Four | IYH: It's Time | +13 others Bret Hart
94%
Judgment Day 2003 | No Mercy 2002 | No Mercy 2003 | +7 others Brock Lesnar
94%
New Years Revolution 2005 | Summerslam 2003 | Summerslam 2004 | +3 others Randy Orton
94%
Armageddon 2000 | Backlash 1999 | Backlash 2001 | +36 others Steve Austin
94%
Armageddon 1999 | Armageddon 2000 | Armageddon 2002 | +39 others Triple H
94%
Royal Rumble 1992 (Winner Of Rumble) | Taboo Tuesday 2004 Ric Flair
93%
Judgment Day 2005 | Taboo Tuesday 2005 | Unforgiven 2005 John Cena
92%
Judgment Day 2003 | No Way Out 2005 | Survivor Series 1999 | +4 others The Big Show
92%
Summerslam 1998 | Survivor Series 1987 | Survivor Series 1989 | WrestleMania III Andre The Giant
91%
IYH: No Way Out of Texas | No Way Out 2000 Cactus Jack
91%
Backlash 2004 | Fully Loaded 2000 | King Of The Ring 2001 | +7 others Chris Benoit
91%
IYH: Over The Edge | IYH: Unforgiven Dude Love
91%
New Years Revolution 2005 | Rebellion 2002 | Survivor Series 2004 Edge
91%
Capital Carnage 1998 | IYH: Buried Alive | IYH: Fully Loaded | +4 others Mankind
91%
WrestleMania 2000 Mick Foley
91%
Invasion 2001 | King Of The Ring 2001 | New Years Revolution 2005 | +7 others Chris Jericho
90%
In Your House 1 | In Your House 2 | In Your House 3 | +6 others Diesel
90%
Summerslam 1990 | Summerslam 1991 | Survivor Series 1989 | +2 others Ultimate Warrior
90%
Backlash 2005 | Great American Bash 2005 | New Years Revolution 2005 | +5 others Batista
89%
Armageddon 2000 | Invasion 2001 | No Mercy 2000 | +11 others Kurt Angle
89%
IYH: Canadian Stampede | IYH: No Way Out of Texas | In Your House 9 Owen Hart
89%
No Mercy 2001 | Survivor Series 2001 | Survivor Series 2002 Rob Van Dam
89%
Armageddon 1999 | King Of The Ring 1999 | King Of The Ring 2000 | +2 others Vince McMahon
89%
Armageddon 2004 | Judgment Day 2004 | No Mercy 2005 | No Way Out 2004 Eddie Guerrero
88%
Armageddon 2004 | Great American Bash 2005 | Judgment Day 2004 | +3 others John Bradshaw Layfield
88%
Bad Blood 2003 | Insurrextion 2003 | Summerslam 2003 Kevin Nash
88%
King Of The Ring 1994 | WrestleMania I Roddy Piper
88%
Insurrextion 2000 | King Of The Ring 1999 | King Of The Ring 2000 | Survivor Series 2001 Shane McMahon
88%
Armageddon 2004 | Invasion 2001 | Summerslam 2001 | +2 others Booker T
86%
WrestleMania I Mr T
85%
In Your House 3 | Royal Rumble 1993 (Winner of Rumble) | Summerslam 1993 | +4 others Yokozuna
85%
Summerslam 1988 | Survivor Series 1988 | Survivor Series 1990 | WrestleMania IV Ted Dibiase
81%
ECW One Night Stand 2005 | Great American Bash 2004 | Invasion 2001 Bubba Ray Dudley
80%
ECW One Night Stand 2005 | Great American Bash 2004 | Invasion 2001 D-Von Dudley
80%
Armageddon 2003 | Backlash 2003 | Summerslam 2003 | +2 others Goldberg
80%
WrestleMania VIII Sid Vicious
79%
IYH: It's Time | In Your House 1 | In Your House 2 | +5 others Sycho Sid
79%
Armageddon 2000 | Rebellion 2000 Rikishi
77%
Royal Rumble 1994 (Co-Winner of Rumble) | Summerslam 1993 | Survivor Series 1993 Lex Luger
74%
IYH: Canadian Stampede | In Your House 3 | In Your House 4 | +7 others British Bulldog
72%
King Of The Ring 1993 | King Of The Ring 1995 | Survivor Series 1987 | WrestleMania XI Bam Bam Bigelow
71%
Survivor Series 1987 | WrestleMania I Paul Orndorff
71%
IYH: Final Four | In Your House 9 | Summerslam 1996 Vader
70%
Survivor Series 1987 | WrestleMania II King Kong Bundy
69%
IYH: No Way Out of Texas Billy Gunn
68%
Summerslam 1991 | WrestleMania VII Sgt. Slaughter
68%
ECW One Night Stand 2005 Tommy Dreamer
68%
IYH: Canadian Stampede | Survivor Series 1989 Jim Neidhart
66%
Invasion 2001 Diamond Dallas Page
65%
ECW One Night Stand 2005 The Sandman
64%
Summerslam 1995 Mabel
63%
WrestleMania XI Lawrence Taylor
61%
Survivor Series 1988 | Survivor Series 1991 Big Bossman
60%
IYH: Canadian Stampede Goldust
60%
Royal Rumble 1989 (Winner of Rumble) Big John Studd
59%
The Wrestling Classic Junkyard Dog
56%
Invasion 2001 Rhyno
56%
Summerslam 1990 | Survivor Series 1987 Rick Rude
56%
IYH: Canadian Stampede | Survivor Series 1991 Animal
55%
IYH: Canadian Stampede | IYH: D-Generation X Ken Shamrock
55%
IYH: No Way Out of Texas Road Dogg
55%
IYH: No Way Out of Texas Chainsaw Charlie
53%
IYH: Canadian Stampede | Survivor Series 1991 Hawk
53%
Survivor Series 1991 Earthquake
51%
King Of The Ring 1997 Faarooq
50%
No Holds Barred | Summerslam 1989 Brutus Beefcake
49%
King Of The Ring 1994 Jerry Lawler
48%
Survivor Series 1993 Scott Steiner
48%
IYH: Canadian Stampede Brian Pillman
47%
Rebellion 2002 Paul Heyman
47%
Survivor Series 1993 Rick Steiner
47%
Survivor Series 2004 Maven
45%
Summerslam 1991 Col. Mustafa
44%
IYH: No Way Out of Texas Savio Vega
44%
No Holds Barred | Summerslam 1989 Zeus
44%
Survivor Series 1988 | Survivor Series 1989 Haku
43%
Survivor Series 1990 Tito Santana
42%
Survivor Series 1991 Irwin R. Schyster
41%
Survivor Series 2004 Snitsky
41%
Survivor Series 1993 Crush
40%
Survivor Series 1989 Marty Jannetty
40%
Survivor Series 1991 Typhoon
40%
Summerslam 1991 General Adnan
39%
In Your House 9 Ahmed Johnson
38%
King Of The Ring 1995 Tatanka
36%
Survivor Series 1990 Rick Martel
35%
Survivor Series 1988 | Survivor Series 1990 Hercules
34%
Survivor Series 1988 Koko B Ware
34%
Survivor Series 1987 One Man Gang
33%
Survivor Series 1989 Arn Anderson
31%
Survivor Series 1988 Hillbilly Jim
31%
Survivor Series 1988 Akeem
30%
Survivor Series 1987 Butch Reed
28%
Survivor Series 1990 Paul Roma
28%
Survivor Series 1989 Bobby Heenan
26%
Survivor Series 1993 Ludvig Borga
26%
Survivor Series 1990 Warlord
26%
Survivor Series 1987 Don Muraco
24%
Survivor Series 1987 Ken Patera
23%
Survivor Series 1993 Jacques Rougeau
21%
Survivor Series 1988 Red Rooster
18%
No matching quizzes found
Score Distribution
Percent of People with Each Score
Percentile by Number Answered
Your Score History
You have not taken this quiz